000 00981nam a2200241Ia 4500
003 OSt
005 20201112112307.0
008 191128t2001 ck a gr 000 0 spa d
020 _a9587010264
040 _aCO-JMCR
_cCO-JMCR
041 0 _aspa
082 0 4 _a322.42 /
_bM386e
_221
100 1 _aMartínez Ortiz, Astrid,
_eeditora
_92635
245 1 0 _aEconomía, crimen y conflicto /
_cAstrid Martínez Ortiz
250 _aPrimera edición
260 _aBogotá :
_bAntropos,
_c©2001
300 _a445 páginas :
_bilustraciones a blanco y negro ;
_c24 cm.
504 _aBibliografía: página 445
505 0 _tEconomía crimen y conflicto /
_rAstrid Martínez
_tEconomía y violecia en Colombia /
_rCarlos Mario Goméz
_tAgencia de protección privada y resolución asimétrica del conflicto: ¿institucionalidad de preferencias masoquistas en Colombia? /
_rFredy Cante
650 1 4 _aEconomía
_zColombia
_92636
650 1 4 _aConflicto
_zColombia
_92637
942 _2ddc
_cBK
999 _c5155
_d5155